000 01986ngm a22003970a 4500
001 PT58243
003 AR-LpoUNG
005 20210202000121.0
007 vd cvaizq
008 191001s2006||||ag |||||||||||||||||eng d
037 _c$5
040 _aAR-LpoUNG
_bspa
_cAR-LpoUNG
_eaacr
041 _aeng
044 _aag
082 0 _a973.917 978cas
100 1 _aCurtiz, Michael
_edir.
245 1 0 _aCasablanca
260 _aSan Luis :
_bAVH,
_c2006.
300 _aDVD (102 min.) : son., byn
505 0 _aHecha en 1942 en Estados Unidos. Guión: Julius J. Epstein, Philip G. Epstein, Howard Koch de la obra de Murray Burnett y Joan Alison. Música: Max Steiner. Fotografía: Arthur Edeson. Reparto: Humphrey Bogart, Ingrid Bergman, Paul Henreid, Claude Rains, Conrad Veidt. Productora: Warner Bros. Pictures. Subtítulos en inglés, portugués y español. Menúes interactivos. Acceso a escenas. ATP.
520 _aAños 40. A consecuencia de la Segunda Guerra Mundial, Casablanca era una ciudad a la que llegaba huyendo del nazismo gente de todas partes: llegar era fácil, pero salir era casi imposible, especialmente si el nombre del fugitivo figuraba en las listas de la Gestapo, que presionaba a las autoridades francesas al mando del corrupto inspector Renault. En este caso, el objetivo de la policía secreta alemana es el líder checo y héroe de la resistencia Victor Laszlo, cuya única esperanza es Rick Blaine, propietario del 'Rick's Café' y antiguo amante de su mujer, Ilsa Lund. Rick e Ilsa se habían conocido en París, pero la entrada de las tropas alemanas en la capital francesa los separó.
650 4 _aESTADOS UNIDOS
650 4 _aGUERRA
650 4 _aRELACIONES HUMANAS
653 _aCINE ESTADOUNIDENSE
653 _aDRAMA
653 _aDVD
653 _aFASCISMO
653 _aGESTAPO
653 _aNAZISMO
653 _aROMANTICA
653 _aSEGUNDA GUERRA MUNDIAL
653 _aVIDEOS
905 _a58243
942 _cDVD
999 _c54151
_d54151